• 首页
  • 本馆介绍
  • 公告通知
  • 最新文献
  • 馆藏检索
  • 电子资源
  • 读者导购
  • 参考咨询
  • 我的图书馆
  • 登录
  • 详细信息显示
  • 放入我的书架
  • 预约/预借图书
  • 作者相关作品
  • 分类相关作品
  • 丛书相关作品
  • 出版社相关作品

书目信息

  • 表格格式
  • 工作单格式
  • 卡片格式
题名:
高血脂健康生活指南
    
 
作者: 望岳 编著
分册:  
出版信息: 石家庄   河北科学技术出版社  2007.02
页数: 189页
开本: 24cm
丛书名: 家庭医生保健丛书
单 册:
中图分类: R589.2 , R589.2-62
科图分类:
主题词: 高血脂病--防治--基本知识 , 高血脂病
电子资源:
ISBN: 978-7-5375-3249-5
000 00849oam2 2200277 450
001 003477656
005 20110114150846.0
010    @a978-7-5375-3249-5@dCNY21.80
100    @a20070402d2007 em y0chiy50 ea
101 0  @achi
102    @aCN@b130000
105    @ay z 000yy
200 1  @a高血脂健康生活指南@b专著@f望岳编著@9gao xue zhi jian kang sheng huo zhi nan
210    @a石家庄@c河北科学技术出版社@d2007.02
215    @a189页@d24cm
225 2  @a家庭医生保健丛书
330    @a本书内容包括基础知识17问、就医知识24问、用药知识14问、运动调养21问、饮食知识61问、降脂食谱ABC等。
461  0 @1001003483951
606 0  @a高血脂病@x防治@x基本知识
606 0  @a高血脂病
690    @aR589.2@v5
690    @aR589.2-62@v5
701  0 @a望岳@4编著@9wang yue
905    @aBZT@dR589.2-62@e2
906    @dCNY21.80@n0@r1
SYS    @0@0@003477656
    
    高血脂健康生活指南/望岳编著.-石家庄:河北科学技术出版社,2007.02
    189页;24cm.-(家庭医生保健丛书)
    
    
    ISBN 978-7-5375-3249-5:CNY21.80
    本书内容包括基础知识17问、就医知识24问、用药知识14问、运动调养21问、饮食知识61问、降脂食谱ABC等。
●
相关链接 在五车中查询图书 在当当中查询图书 在豆瓣中查询图书


正题名:高血脂健康生活指南     索取号:R589.2-62/2         预约/预借

序号 登录号 条形码 馆藏地/架位号 状态 备注
1 781933   2000781933   中心书库中库/ 中库010架B面3列3层43/ [索取号:R589.2-62/2] 在馆    
2 781934   2000781934   中心书库中库/ 中库010架B面3列3层38/ [索取号:R589.2-62/2] 在馆    
3 781935   2000781935   中心书库中库/ 中库010架B面3列3层45/ [索取号:R589.2-62/2] 在馆    
4 781936   2000781936   中心书库中库/ 中库010架B面3列3层42/ [索取号:R589.2-62/2] 在馆    
5 781937   2000781937   中心书库中库/ 中库010架B面3列3层44/ [索取号:R589.2-62/2] 在馆    
6 781938   2000781938   中心书库中库/ 中库010架B面3列3层37/ [索取号:R589.2-62/2] 在馆    
山东省滨州职业学院图书馆 欢迎您!
大连网信软件有限公司© 版权所有